Catálogo
 En Linea

Informe anual 1996 /. (Registro nro. 31412)

Detalles MARC
000 -CABECERA
campo de control de longitud fija 00464nam a2200145 a 4500
001 - NÚMERO DE CONTROL
campo de control 000031921
005 - FECHA Y HORA DE LA ÚLTIMA TRANSACCIÓN
campo de control 20220823125740.0
008 - DATOS DE LONGITUD FIJA--INFORMACIÓN GENERAL
campo de control de longitud fija 110405s1996 dr acd 000 0 spa d
040 ## - FUENTE DE LA CATALOGACIÓN
Centro catalogador/agencia de origen DO-SdBNP
Lengua de catalogación spa
Centro/agencia transcriptor BNPHU
049 ## - FONDOS LOCALES (OCLC)
Fondos de biblioteca BNPD
110 2# - ENTRADA PRINCIPAL--NOMBRE DE ENTIDAD CORPORATIVA
Nombre de entidad corporativa o nombre de jurisdicción como elemento de entrada Banco de Reservas de la República Dominicana
9 (RLIN) 6285
245 10 - MENCIÓN DE TÍTULO
Título Informe anual 1996 /.
260 ## - PUBLICACIÓN, DISTRIBUCIÓN, ETC.
Fecha de publicación, distribución, etc. Santo Domingo :
Nombre del editor, distribuidor, etc. Banco de Reservas,
Fecha de publicación, distribución, etc. [1996].
Fabricante Editora Amigo del Hogar
300 ## - DESCRIPCIÓN FÍSICA
Extensión 59 p. :
Otras características físicas il., gráf., retrs. ;
Dimensiones 28 cm.
Existencias
Estado de retiro Estado de pérdida No para préstamo Código de colección Localización permanente Ubicación/localización actual Ubicación en estantería Fecha de adquisición Número de inventario Total de préstamos Signatura topográfica completa Código de barras Fecha visto por última vez Precio válido a partir de Tipo de ítem Koha Número de copia
    Excluido de préstamo Patrimonio Dominicano Patrimonio Dominicano Patrimonio Dominicano En catalogación 07.07.2011 LF1   31921-10 25.06.2020 25.06.2020 Libro y Folleto Colección Patrimonio Dominicano  
    Excluido de préstamo Patrimonio Dominicano Patrimonio Dominicano Patrimonio Dominicano En catalogación 29.09.2011 LF1   31921-20 25.06.2020 25.06.2020 Libro y Folleto Colección Patrimonio Dominicano e. 2

Con tecnología Koha